LEADER 02005nam a2200385 a 4500 001 000000165769 003 CaOOAMICUS 005 20180208094314.0 008 180208m20152017gw b u000 u ger r 020 $a978-3-451-23705-8 (v. 1)* 020 $a978-3-451-37682-5 (v. 2)* 032 $aLibriCat 040 $aPUL$bita 100 1 $aRahner, Karl,$cS.I.,$d1904-1984.$0(OLS)http://pul/name/3587 245 10$aDe Gratia Christi :$bSchriften zur Gnadenlehre /$cKarl Rahner ; bearbeitet von Roman A. Siebenrock und Albert Raffelt ; unter Mitwirkung von Theodor Schneider. 260 $aFreiburg ;$aBasel ;$aWien :$bHerder,$c©2015-2017. 300 $a2 v. ;$c24 cm. 490 1 $aSämtliche Werke ;$v5.1-2 504 $aInclude riferimenti bibliografici. 650 4$aGrazia (teologia).$0(OLS)http://pul/subject/5643 700 1 $aSiebenrock, Roman A.$0(OLS)http://pul/name/50320 700 1 $aRaffelt, Albert.$0(OLS)http://pul/name/40537 700 1 $aSchneider, Theodor,$d1930-$0(OLS)http://pul/name/26395 800 1 $aRahner, Karl,$cS.I.,$d1904-1984.$tOpera omnia ;$v5.1-2.$0(OLS)http://pul/nameTitle/1412$0(OLS)http://pul/name/3587$0(OLS)http://pul/title/2415 830 0$aKarl Rahner Sämtliche Werke ;$v5.1-2.$0(OLS)http://pul/title/205455 850 $aPUL 852 $aPUL$W1$xSL Religione 1$y3$m56 P 5.1$j190155$bv. 1$qStampati$B193130$CPULBib$Z2$F193130 $H130327 $81 852 $aPUL$W1$xSL Religione 1$y3$m56 P 5.2$j190156$bv. 2$qStampati$B193131$CPULBib$Z2$F193131 $H130563 $81 941 1 $a8 983 0$aSämtliche Werke / Rahner, Karl. 996 $6020$a978-3-451-23705-8 (v. 1)*$9(OLS)http://pul/number/163406 996 $6020$a978-3-451-37682-5 (v. 2)*$9(OLS)http://pul/number/163407 996 $6245$aDe Gratia Christi :$bSchriften zur Gnadenlehre$9(OLS)http://pul/title/205457 996 $6260$aFreiburg ;$aBasel ;$aWien :$bHerder$9(OLS)http://pul/publisher/48104 LEADER 01568nam a2200337 a 4500 001 000000176685 003 CaOOAMICUS 005 20240222141539.0 008 240222s2023 it u001 u ita r 020 $a978-88-308-1885-9* 032 $aLibriCat 040 $aPUL$bita 082 04$a230 100 1 $aGaburro, Sergio,$csacerdote,$d1957-$0(OLS)http://pul/name/64038 245 12$aL'apologetica come arringa della speranza :$bl'annuncio in tre situazioni vitali degli Atti degli Apostoli / $cSergio Gaburro ; prefazione di Romano Penna. 260 $aAssisi :$bCittadella,$c2023. 300 $a383 p. ;$c21 cm 490 1 $aTeologia saggi 504 $aBibliografia p. [357]-379. 630 04$aBiblia.$pN.T.$pActus apostolorum.$xCritica e interpretazione.$0(OLS)http://pul/subject/1725 650 4$aApologetica$xAutori cattolici.$0(OLS)http://pul/subject/3141 700 1 $aPenna, Romano,$d1937-$0(OLS)http://pul/name/11954 830 0$aTeologia.$pSaggi (Cittadella).$0(OLS)http://pul/title/32854 850 $aPUL 852 $aPUL$W1$xSL Religione 3$y85$m226 GABSE 1$j200691$qDDC 21$B205643$CPULBib$Z2$F205643 $H136863 $82 941 1 $a9 996 $6020$a978-88-308-1885-9*$9(OLS)http://pul/number/169588 996 $6082$a230$9(OLS)http://pul/classification/368 996 $6245$aL'apologetica come arringa della speranza :$bl'annuncio in tre situazioni vitali degli Atti degli Apostoli / $9(OLS)http://pul/title/218169 996 $6260$aAssisi :$bCittadella$9(OLS)http://pul/publisher/49668